| 000 | 01466cam a22003011i 4500 | ||
|---|---|---|---|
| 003 | SA_RiAUC | ||
| 005 | 20250911122923.0 | ||
| 008 | 250910s2008____ti g b 001 0 ara c | ||
| 040 |
_aSA-JeALM _bara _cSA-RiAUC _erda |
||
| 082 | 0 | 4 | _a245.8 |
| 090 |
_a245.8 _b ا ب ن س |
||
| 100 | 1 |
_aابن سابق الصقلي، محمد بن سابق، _dتوفي 493 هجري _eمؤلف. |
|
| 245 | 1 | 0 |
_aكتاب الحدود الكلامية و الفقهية على رأي أهل السنة الأشعرية / _bومعه مسألة الشارع في القرآن _cتأليف أبي بكر محمد بن سابق الصقلي ؛ تحقيق محمد الطبراني. |
| 246 | 3 | 0 | _aالحدود الكلامية و الفقهية على رأي أهل السنة الأشعرية |
| 250 | _aالطبعة الأولى. | ||
| 264 | 1 |
_aتونس : _bدار الغرب الإسلامي، _c2008 |
|
| 300 |
_a268 صفحة ؛ _c24 سم |
||
| 336 |
_aنص _btxt _2rdacontent _3كتاب |
||
| 337 |
_aبدون وسيط _bn _2rdamedia |
||
| 338 |
_aمجلد _bnc _2rdacarrier |
||
| 501 | _aمع : مسألة الشارع في القرآن / لابن الرماح. | ||
| 504 | _aيشتمل على ببليوجرافية. | ||
| 650 | 7 |
_aالأشاعرة (فرقة إسلامية) _2aucsh |
|
| 700 | 1 |
_aالطبراني، محمد، _d1974- _eمحقق. |
|
| 740 | 0 | 2 | _aمسألة الشارع في القرآن. |
| 942 |
_2ddc _cBOOK _n0 |
||
| 949 |
_aSA-JeALM _d250910 _uosman123 _n1 |
||
| 999 |
_c11626 _d11626 |
||